00994nab a22002297a 4500999001500000003000400015005001700019008004100036040000700077100003700084245010900121300001500230500003600245505009600281505010200377650002800479650002000507650003400527650003500561773015500596942001300751 c6055d6055OSt20260120234022.0190514b xxu||||| |||| 00| 0 spa d cPJ 96839aGarcía Sindes, Milagros 10aReflexión en torno a la revocabilidad de la adopción por integración /cMilagros García Sindes.  ap. 127-131 aCita: TR LALEY AR/DOC/250/2024. aSumario: I. Hechos.— II. Derecho.— III. Aplicación del derecho.— IV. Conclusión.  tFallo comentado: JFamilia 5a Nom., Córdoba ~ 29/12/2022 ~ L., R. M. s/ adopción integradora. 09967aDERECHO DE FAMILIA 09974aADOPCIÓN 094500aADOPCION DE INTEGRACION 091057aJURISPRUDENCIA APLICABLE0 0284493222dBuenos Aires : AbeledoPerrot, 1989-tDerecho de familia. Revista Interdisciplinaria de doctrina y jurisprudencia. Abril 2024-II.z18511201 2udccANA